Qui a dit cette réplique marvel #17 - Statistiques

Statistiques générales
  • Ce quiz a été pris 157 fois
  • Le résultat moyen est 8 sur 17
Statistiques - réponses
Hint Réponse % Correct
5 D'accord. Rajoute un peu de rouge carrosserie. Iron man (Tony Stark)
92%
13 Quoi ? La tour Stark ? Cette espèce d'horrible... Captain America (Steve Rogers)
88%
1 C'est bête Ultron l'a écrasé !! Oh il va nous manquer ce petit fumier hypersonique !! Hawkeye (Clint Barton)
83%
11 N'est ce pas là votre état naturel ? Telle est l'essence cachée de l'humanité. Loki
80%
3 Non mais t'es sérieux. Dans un kilo t'es officiellement obèse. Rocket
77%
15 Ceux sont des personnages légendaires, autrement dit des dieux. Black Widow (Natasha Romanoff)
72%
8 Non pas vraiment, mais depuis quand est ce que je fais ce que je veux. Hulk (Bruce Banner)
71%
12 Je combattrais avec toi. Et si le sort le décide, je rejoindrais ma femme et ma fille. Drax
67%
10 Elle n'a pas plus de raisons d'être à Asgard qu'une chèvre n'en a de participer à un banquet. Odin
54%
6 Ne me regardez pas, je fais tout comme lui. Plus lentement. Falcon (Sam Wilson)
39%
16 Tony mais enfin il à quel âge ?? War machine (James Rhodes)
37%
9 Contrairement au reste du monde je ne travaille pas pour vous. Doctor Strange (Stephen Strange)
32%
2 Ouais ça se voit que vous êtes marteau. Darcy Lewis
14%
4 La victoire au prix du sang des innocents n'est pas la victoire de la justice, c'est la victoire de la honte. Roi T'Chaka
14%
17 Même si les effets peuvent être dangereux. c'est un spectacle grandiose. Heimdall
6%
14 Oui, où avais je la tête ? Vous êtes toujours si discret. Jarvis
6%
7 Je me fiche de savoir ce que vous mijotez. Ça vous dérangerait d'aller jouer ailleurs. Everett Ross
3%
Aucun quiz correspondant
Distribution des résultats
% des personnes avec chaque résultat
Percentile par nombre de réponses
Votre historique - résultats
Vous n’avez pas pris ce quiz